000 00343nam a2200145Ia 4500
100 _aSchildt/ Herbert
942 _cBK
654 _aComputer
245 _aSchildts Windows 95 Programming in C and C++
260 _bOsborne Mc graw Hill
_aBerkeley
_c1995
082 _a005.133'W'
_bSCH
300 _a447
546 _aENGLISH
999 _c26384
_d26384